000 00562nam a2200157 a 4500
008 120416s1977 ||||||||||||||||| || u
050 _aHD 30.23 San
100 _aSanford, Edward
245 1 0 _aManagement decisions: a behavioral approach
_cEdward Sanford
260 _aCambridge, Mass.
_bWinthrop
_c1977
300 _axvi, 141p. : ill.
350 _a0.00
650 0 _aMANAGEMENT
650 0 _aDECISION MAKING
995 _D0.00
_FCBU-MAIN LIBRARY (Kitwe)
_H1
_I0.00
_M1
_UDAMAGED
_ZMain Library Open Access Collection
999 _c49906
_d49906